LEADER 01030nam a2200217 i 4500 001 000000224370 003 CaOOAMICUS 005 20131030000000.0 008 131030s1743 xx u000 u lat u 013 $a203268 026 $au-i, i-m. ini- Vepa (3) 1743 (R) 040 $aSeMil$bita 245 10$aTomus 7. In quo plura traduntur, quae ad confirmationis, eucharistiae, & poenitentiae pertinent sacramenta. 300 $a589, [1] p. 500 $aSegn. : A-4F4. 773 0 $aBerti, Giovanni Lorenzo <1696-1766>$tJoannis Laurentii Berti Florentini fratris eremitae augustiniani Librorum De theologicis disciplinis. Tomus 1. [-8].$dRomae : Apud Pantheon : excudebat Antonius De Rubeis, 1739-1745.$g7$w()9085 850 $aSeMil 852 $aSeMil$W1$xVenegono$y1$m2L III 65 FA$j174716$B174716$CSeMilBibl$Z2$F184765 $8I 941 1 $a10 961 $aRecupero: Mantegazza 996 $6245$aTomus 7. In quo plura traduntur, quae ad confirmationis, eucharistiae, & poenitentiae pertinent sacramenta$9(OLS)http://semarc/title/321524 LEADER 01697nam a2200337 i 4500 001 000000116087 003 CaOOAMICUS 005 20030609000000.0 008 030609s1997 it u000 u ita u 013 $a88776 020 $a88-7972-209-3 040 $aSeMil$bita 100 1 $aPasselecq, Georges.$0(OLS)http://semarc/name/17726 240 12$aL'Encyclique cachée de Pie 11.$0(OLS)http://semarc/title/170167 245 12$aL'enciclica nascosta di Pio 11. :$bun'occasione mancata dalla Chiesa nei confronti dell'antisemitismo /$cGeorges Passelecq, Bernard Suchecky ; introduzione di Émile Poulat e di Garry Wills. 260 $aMilano :$bCorbaccio,$ccopyr. 1997. 300 $aL, 281 p. ;$c22 cm. 490 0 $aCollana storica ;$v20 500 $aContiene : Humani generis unitas : testo integrale. Bibliografia. - Fondo Card. C.M. Martini. 650 4$aPio XI - Atteggiamento verso gli ebrei.$0(OLS)http://semarc/subject/21345 700 1 $aWills, Garry.$0(OLS)http://semarc/name/48494 700 1 $aPoulat, Émile,$d<1920-2014>.$0(OLS)http://semarc/name/22485 700 1 $aSuchecky, Bernard.$0(OLS)http://semarc/name/48493 830 0$aCollana storica ;$v20.$0(OLS)http://semarc/title/1100 850 $aSeMil 852 $aSeMil$W1$xVenegono$y1$m3A IV 115$j71568$B71568$CSeMilBibl$Z2$F76800 $81 941 1 $a4 961 $aOmaggio: Martini Card. Carlo Maria 996 $6020$a88-7972-209-3$9(OLS)http://semarc/number/100107 996 $6245$aL'enciclica nascosta di Pio 11. :$bun'occasione mancata dalla Chiesa nei confronti dell'antisemitismo$9(OLS)http://semarc/title/170166 996 $6260$aMilano :$bCorbaccio$9(OLS)http://semarc/publisher/31394